International menetary issues and development policies : selected essays ans statements

Αποθηκεύτηκε σε:
Λεπτομέρειες βιβλιογραφικής εγγραφής
Κύριος συγγραφέας: Ζολώτας, Ξενοφών Ε., 1904-2004
Μορφή: Βιβλίο
Γλώσσα:English
Δημοσίευση: Athens : Bank of Greece , 1977
Θέματα:
Ετικέτες: Προσθήκη ετικέτας
Δεν υπάρχουν, Καταχωρήστε ετικέτα πρώτοι!

MARC

LEADER 00000nam a2200000 i 4500
001 1/57270
008 960424s1977 eng d
035 |l 10028163 
040 |a GR-MY-UA  |b gre  |e aacr 
041 0 |a eng 
082 0 |a 332.042 
100 1 |a Ζολώτας, Ξενοφών Ε.,   |d 1904-2004. 
245 1 0 |a International menetary issues and development policies :  |b selected essays ans statements /  |c Ξενοφώντα Ε. Ζολώτα 
260 |a Athens :   |b Bank of Greece ,   |c 1977 
300 |a 503 p. 
650 0 0 |a Money. 
650 0 0 |a Monetary policy. 
650 0 0 |a Economic development. 
650 0 0 |a International finance. 
852 |a INST  |b CHIOS  |e 19960424  |h 332.042 ΖΟΛ  |p 005200005722  |q 005200005722  |t BK  |y 0 
909 |a Χ  |b 000659